Quizzes
Events
Quiz Creation
Community
Videos
Private Events
Remove Ads
Sign In
Join for FREE
Feedback
Dark Mode
Quiz Categories
Sports
Geography
Music
Movies
Television
Just For Fun
Miscellaneous
History
Literature
Language
Science
Gaming
Entertainment
Religion
Holiday
For Kids
Quiz Lab
Recent
Popular Today
Quiz Kudos Today
Editor Picks
Curator Picks
Quizzes by...
Day
Popularity
Type
Ratings
Length
Year
Community
Subscriptions
Recent Discussions
Orange Saloon
Badges
Playlists
Quests
Create
Leaderboards
Showdown
Live 5
Trivia Bingo
Activity
Puzzle Library
Sporcle Events
Private Events
Virtual Trivia
Globe League
Become a Host
Pub Owners
SporcleCon
Opinionation
Our Games
Videos
Blog
Mobile Apps
Partnerships
Remove Ads and Go Orange
Feedback
Geography
Country
Landmarks
City
State
Population
World
Capital
Continent
Flags
Europe
Africa
Asia
South America
North America
Oceania
Border
Canada
United Kingdom
Topography
United States
Geography
Country
Landmarks
City
State
Population
World
Capital
Continent
Flags
Europe
Africa
Asia
South America
North America
Oceania
Border
Canada
United Kingdom
Topography
United States
Random Quiz
Search Sporcle
×
Quiz Lab
Quiz Lab
Geography
State
Type in answers that appear in a list
Type in answers that appear in a list
Classic
Best Score? Go Orange.
All Around the Lower 48 States Stats
Can you name the borders of the US, clockwise from Washington?
By
ckbean4
5m
33 Questions
278 Plays
278 Plays
278 Plays
Comments
Comments
Give Quiz Kudos
Give Quiz Kudos
-
- Ratings
hide this ad
More Info
Forced Order
Answers have to be entered in order
Answers have to be entered in order
Replay
Link that replays current quiz
Next Quiz
Link to next quiz in quiz playlist
You Got
0%
They Got
Avg Score
81%
Avg Friend Score
Upgrade to see
Score Distribution
Jump to the score distribution portion of the page
Score
0/33
Timer
05:00
0
Plays Today
Mileage
% Correct
884 total Miles
Washington
99.6%
45 miles
Idaho
97.8%
545 miles
Montana
97.5%
310 miles
North Dakota
96.8%
547 miles
Minnesota
96.8%
721 miles
Michigan
92.8%
146 miles
Ohio
87.4%
445 miles
New York
87.4%
90 miles
Vermont
87.4%
839 total miles
Maine
87.1%
58 miles
New Hampshire
86%
42 miles
Pennsylvania
85.6%
1608 total miles
Texas
75.9%
100 miles
Georgia
75.5%
1350 miles
Florida
75.5%
210 miles
New Mexico
75.5%
192 miles
Massachusetts
75.2%
Mileage
% Correct
40 miles
Rhode Island
75.2%
130 miles
New Jersey
75.2%
31 miles
Maryland
75.2%
53 miles
Alabama
75.2%
44 miles
Mississippi
75.2%
397 miles
Louisiana
75.2%
372 miles
Arizona
75.2%
112 miles
Virginia
74.8%
187 miles
South Carolina
74.8%
980 total miles
California
74.8%
301 miles
North Carolina
74.5%
296 miles
Oregon
74.5%
98* Tidal Shoreline
Connecticut
74.1%
28 miles
Delaware
74.1%
13 miles
New Hampshire
73.4%
127 miles
New York
73.4%
Quiz Playlist
Details
Report
Send in Message
Add To Playlist
More Info:
source: http://www.fas.org/sgp/crs/misc/RS21729.pdf
Classic:
Type in answers that appear in a list
Forced Order:
Answers have to be entered in order
Last Updated: Feb 16, 2017
Quiz Scoreboard
CHALLENGE
Sign Up to Join the Scoreboard
Show All
Scores
Hide
Comments
May contain spoilers
Recently Published
Movies - When Are They Set?
by FPL_Elf
Movies
5m
Popular People in 1961
by mucciniale
History
6m
1-10 Letter E Words III
by El_Dandy
Language
2m
More to Explore
Quiz From the Vault
Featured Blog Post
Where Did the Easter Bunny Come From?
hide this ad
You Might Also Like...
Tags
Border Quiz
State Quiz
Clockwise
mileage
Washington
Today's Top Quizzes in Geography
Browse Geography
hide this ad
Today's Top Quizzes in State
Browse State
Top Contributed Quizzes in Geography
1
Countries of the World - No Outlines Minefield
2
Top 25 Cities of France on a map
3
Closest Countries to UK A-Z
4
One Thing in Common: United Kingdom
5
Blind Secret Country CLXXXVIII
6
Blind Ultimate Minefield: USA
7
African Flag Reveal XLV
8
Find the US States - No Outlines
9
One Thing in Common: Asia
10
Find the Provinces of Canada - No Outlines Minefield
Explore More
Trending Topics
Kpop
Anime
Disney
Marvel
Crossword
NBA
Harry Potter
Song
The Office
Soccer
NFL
Pokémon
Country
WWE
Puzzle
hide this ad
More By:
ckbean4
Quiz
Plays
Rating
Category
Featured
Created
figure out the lyrics - blinded by the light
572
3.33
Music
Oct 1, 2011
All Around the Lower 48 States
278
3.71
Geography
Oct 12, 2011
children on classic television shows
118
4.25
Television
Sep 19, 2011
Big 5 all-time Leading Scorers as of Aug 2011
100
1.67
Sports
Sep 22, 2011
Top Selling Songs of Top Acts of each Decade
95
2.50
Music
Aug 21, 2014
Go to Creator's Profile
Score Distribution
Quiz Creator Spotlight
ckbean4
Follow
Send a Message
Quizzes Created
-
Created Quiz Play Count
-
More By This Creator
Popular Quizzes Today
1
Find the Countries of Europe - No Outlines Minefield
2
Find the US States - No Outlines Minefield
3
The Countries of the World
4
Popular People in 1961
5
1-10 Letter E Words III
6
US States
7
Find the US States
8
One Thing in Common: World Cities II
More Geography Quizzes
Two-Word World Capital Match-Up
Published
Trending Quizzes
Risky Map Clicking: Least Populous States A-Z
Humor Books: The Subtitles
1-10 Letter F Words
1-10 Letter G Words
One Thing in Common: United Kingdom
Recently Updated
Leaping Animals
pecheneg
Reality TV Shows (A-Z)
bhenderson79
Rickey Henderson's Hall of Fame Teammates
pecheneg
Champions League XIs: Arsenal
pecheneg
Quick Pick: Celebrities in WWE's Hall of Fame
aduchscher
A-Z Keypad Blitz II
pecheneg
Multiple Oscar Actors
pecheneg
Mystery Phrase Blitz: Oscar 'Best Actors'
pecheneg
F. Scott Fitzgerald Novels
LTH
Pick 3 Villains
ddd62291
Trending Topics
Kpop
NBA
Anime
Harry Potter
Marvel
Crossword
Disney
NFL
Soccer
WWE
Puzzle
Song
The Office
Country
Pokémon
Your Account Isn't Verified!
In order to create a playlist on Sporcle, you need to verify the email address you used during registration. Go to your
Sporcle Settings
to finish the process.
Report this User
Report this user for behavior that violates our
Community Guidelines
.
Details:
Send Report
Go to the Sporcle.com Mobile Site →
Comments